Score 0/20 Timer 05:00
7 Plays Today
% Correct
China
98.8%
Germany
95.7%
United States
93.3%
France
90.5%
Israel
86.4%
Russia
85.2%
Japan
82.5%
Saudi Arabia
78.1%
Canada
77.4%
United Kingdom
76.1%
% Correct
South Korea
76%
Italy
72.9%
Sweden
69.4%
India
67.1%
Poland
66.5%
Czechia
61.9%
Greece
54.9%
Mexico
47.4%
Turkey
46.5%
Australia
35.1%
Remove Ads.
Support Sporcle.
Get the best of Sporcle when you Go Orange. This ad-free experience offers more features, more stats, and more fun while also helping to support Sporcle. Thank you for becoming a member.

You're not logged in!

Compare scores with friends on all Sporcle quizzes.
OR
Log In

Sporcle TV

Today on Sporcle TV


Watch our educational content, quiz creation guides, and fun videos on Sporcle TV.

Show Comments

Extras

Top Quizzes Today


Score Distribution

Paid Content

Your Account Isn't Verified!

In order to create a playlist on Sporcle, you need to verify the email address you used during registration. Go to your Sporcle Settings to finish the process.

Report this User

Report this user for behavior that violates our Community Guidelines.

Details: